El Arte en el Palacio de San Jorge : itinerario a través de su historia / itinerario a través de su historia /
Colección:
San Jorge,
; núm. 4 (octubre 1951), pàg. 10-23
Materias:
Barcelona (Catalunya : Província). -- Diputació -- Història
; Palau de la Generalitat de Catalunya -- Història
; Arquitectura gòtica -- Barcelona (Catalunya)
; Arquitectura catalana -- Barcelona (Catalunya)
; Palaus -- Catalunya
Idioma:
Español
MARC
| LEADER | 00000naa a2200000 a 4500 | ||
|---|---|---|---|
| 003 | Arxiu | ||
| 005 | 20260324181035.0 | ||
| 008 | 160829s1951 spc ax s spa c 000 0 cat d | ||
| 040 | |a agdb | ||
| 100 | 1 | |a Verrié, F.-P. |9 29681 |q (Frederic-Pau), |d 1920-2017 | |
| 245 | 1 | 3 | |a El Arte en el Palacio de San Jorge : |b itinerario a través de su historia / |c por F.P. Verrié |
| 490 | |a San Jorge, |v núm. 4 (octubre 1951), pàg. 10-23 | ||
| 610 | 0 | |a Barcelona (Catalunya : Província). |b Diputació |x Història |9 10583 | |
| 610 | 2 | 0 | |a Palau de la Generalitat de Catalunya |x Història |9 54640 |
| 650 | 0 | |a Arquitectura gòtica |z Barcelona (Catalunya) |9 37346 | |
| 650 | 0 | |a Arquitectura catalana |z Barcelona (Catalunya) |9 29886 | |
| 650 | 0 | |a Palaus |z Catalunya |9 29887 | |
| 773 | |t San Jorge. |g Núm. 4 (octubre 1951), pàg. 10-23 | ||
| 901 | |a Arxiu | ||
| 942 | |n 1 |2 udc |c ART | ||
| 952 | |0 0 |1 0 |4 0 |6 REV508 |7 1 |9 64574 |a Arxiu |b Arxiu |d 2022-12-01 |l 0 |o Rev-508 |r 2022-12-01 00:00:00 |w 2022-12-01 |y ARXIU |z També disponible a Rev-521 | ||
| 999 | |c 48217 |d 48217 | ||